| 000 | 00555nam a2200193 i 4500 | ||
|---|---|---|---|
| 001 | 10225 | ||
| 003 | ES-MaACL | ||
| 005 | 20230906145837.0 | ||
| 007 | t| | ||
| 008 | 950322s1994 sp ||||1| spa d | ||
| 020 | _a84-7978-131-9 | ||
| 080 | _a331.101.1 | ||
| 100 | 1 |
_aJouvencel, M.R. _967040 |
|
| 245 | 1 | 0 |
_aErgonomía básica aplicada a la medicina del trabajo / _cM. R. Jouvencel. |
| 260 |
_aMadrid : _bDíaz de Santos, _cD.L. 1994. |
||
| 300 |
_aXVIII, 276 p. ; _c22 cm. |
||
| 650 | 1 | 4 |
_aErgonomía. _912345 |
| 852 |
_aES-MaACL _jL-17651 _bR.123222 |
||
| 999 |
_c10225 _d10225 |
||